MARC

LEADER 00000nam0a2200000 4500
001 203971
005 20231031185954.0
020 |a RU  |b 91-31834 
035 |a (RuTPU)RU\TPU\book\222296 
090 |a 203971 
100 |a 20111116d1991 k y0rusy5003 ca 
101 0 |a rus 
102 |a RU 
105 |a a z 001zy 
200 1 |a Задачи динамических процессов в сплошных средах  |e сборник научных трудов  |f Свердловский государственный педагогический институт (СГПИ); под ред. Н. П. Петрова 
210 |a Свердловск  |c Изд-во СГПИ  |d 1991 
215 |a 110 с.  |c ил. 
320 |a Библиогр. в конце статей 
610 1 |a сплошные среды 
610 1 |a динамические процессы 
610 1 |a задачи 
610 1 |a гидродинамика 
610 1 |a математика 
610 1 |a фильтрация 
610 1 |a примеси 
610 1 |a перенос 
675 |a 531/534  |v 3 
702 1 |a Петров  |b Н. П.  |g Николай Петрович  |4 340 
712 0 2 |a Свердловский государственный педагогический институт (СГПИ)  |c (1933-1991)  |2 stltpush  |3 (RuTPU)RU\TPU\col\15711 
801 0 |a RU  |b RuMRKP  |c 19950417  |g psbo 
801 1 |a RU  |b 63413507  |c 20111116 
801 2 |a RU  |b 63413507  |c 20111122  |g RCR 
942 |c BK